RDR2 - Points of Interest - Statistics

General Stats
  • This quiz has been taken 120 times
  • The average score is 20 of 45
Answer Stats
Hint Answer % Correct
The "town" with seemingly no law enforcement, also where Arthur and Sadie go to rescue Abigail Van Horn Trading Post
90%
The plot of land that John buys in the Epilogue that becomes their new home Beecher's Hope
81%
The small resort town based around a timber industry in West Elizabeth Strawberry
77%
The local livestock town during Chapter 2 Valentine
64%
A coastal town in West Elizabeth where the ferry heist occurred Blackwater
63%
The local southern town in Chapter 3 home to the feuding Grays and Braithwaites Rhodes
63%
The army fort where Arthur and Charles break into to save Eagle Flies Fort Wallace
62%
A ranch community in the Heartlands home to a fence, post office, and Seamus Emerald Ranch
59%
The large, bustling metropolis in southeastern Lemoyne inspired by New Orleans Saint Denis
58%
The camp in Chapter 4, an old plantation house formerly inhabited by the Lemoyne Raiders Shady Belle
58%
The Native American reservation in Ambarino, home to Rains Falls and Eagle Flies Wapiti Indian Reservation
58%
The cave and camp for Chapter 6 previously inhabited by the brutal Murfree Brood Beaver Hollow
56%
The westernmost town of the game in New Austin home to Sheriff Freeman Tumbleweed
55%
A heavily polluted mining town in New Hanover, the local town for Chapter 6 Annesburg
54%
The plantation home to the Grays. Home to large tobacco fields that Arthur and Sean burn down Caliga Hall
54%
A small fishing village in the swamps home to Thomas and Jules, the boatmen Lagras
54%
A large plantation with acres of farmland and a large, elegant manor that the gang burns down in the end of Chapter 3 Braithwaite Manor
53%
The abandoned, snowy mining town that the gang flees to following a heist gone wrong Colter
53%
The newly built ranch in Big Valley where John works in the Epilogue. Owned by Mr. Geddes Pronghorn Ranch
53%
A farmhouse in Big Valley home to the remaining O'Driscolls in Chapter 6, but the Laramie Gang in the Epilogue Hanging Dog Ranch
50%
The first camp in the 2nd chapter, situated on a small plateau in New Hanover Horseshoe Overlook
50%
A disease ridden town in Cholla Springs with burning wagons and no law enforcement Armadillo
47%
The short-lived camp at the end of Chapter 5, quickly being raided by the Pinkertons Lakay
47%
A small community of genetic mutants in Roanoke Ridge, poisoned by a nearby stream Butcher Creek
45%
Noted as the largest ranch in the game (hint: home to the MacFarlane's) Macfarlane's Ranch
45%
The largest penitentiary situated on a chain of islands where John was sent to Sisika Penitentiary
45%
A mountain in Ambarino infamous for being the spot of Micah's death Mount Hagen
42%
The camp in Chapter 3 situated on a peninsula near a forest Clemens Point
41%
A decent sized lake in Ambarino near where Arthur and Hosea hunt the legendary bear O'Creagh's Run
40%
A large fort with tall walls in New Austin used as a Del Lobo hideout Fort Mercer
38%
The large, heavily guarded oil corporation in the heart of the Heartlands owned by Leviticus Cornwall Cornwall Kerosene and Tar
36%
A small train station in West Elizabeth with a general store Wallace Station
36%
A small community in Tall Trees with Norwegian settlers Manzanita Post
35%
A very small train station in eastern West Elizabeth nearby a trapper Riggs Station
29%
A small Del Lobo gang outpost in the marshy areas of eastern New Austin Thieves Landing
28%
The train station adjacent to a large, wooden bridge that Arthur and John blow up in Chapter 6 Bacchus Station
26%
A scenic lake in western West Elizabeth that features a dam Owanjila
26%
An unused, rundown train station in the heart of New Austin Mercer Station
24%
A small train station that Arthur meets Reverend Swanson at Flatneck Station
22%
Arguably the tallest waterfall in the game, situated in Roanoke Ridge Brandywine Drop
21%
An obscure train station in New Austin that frequently experiences dust storms Benedict Point
17%
The small farmhouse that Arthur and Hosea rob, belonging to Seamus' "cousin by marriage" Carmody Dell
15%
A river jetty in the Great Plains home to the Serendipity Boat wreck Quaker's Cove
15%
A very small and obscure settlement near the map's border in New Austin Rathskeller Fork
15%
An abandoned, rundown farm in New Austin that was used as a Del Lobo hideout Solomon's Folly
12%
No matching quizzes found
Score Distribution
Percent of People with Each Score
Percentile by Number Answered
Your Score History
You have not taken this quiz